000 00347 a2200121 4500
001 ART_47439
005 20260410161607.0
008 260409a
245 1 0 _aBienes de cambio
100 1 _aFaccendini, Yanina C.
700 1 _aOubiña, Gabriel H.
773 0 _tProfesional & Empresaria
_g- Año XIX, Nº 228 (sep. 2018)
_wREV70
999 _c10237
_d10237